| 000 | 00738nam a2200229Ia 4500 | ||
|---|---|---|---|
| 001 | 8425 | ||
| 003 | GE_BSU | ||
| 008 | 181216s||||||||xx |||||||||||||| ||und|| | ||
| 040 | _cGE_BSU | ||
| 080 | _a821.353.1-11 | ||
| 100 | _aვაჟა-ფშაველა | ||
| 245 | _aრჩეული ორ წიგნად. | ||
| 245 | _bწ. 2: პოემები. | ||
| 245 | _cრედ: ვახტანგ ჭელიძე; მხატვ: ლადო გრიგოლია. | ||
| 260 | _aთბილისი. | ||
| 260 | _bსაბჭ. საქართველო. | ||
| 260 | _c1970. | ||
| 300 | _a160 გვ; 16 სმ. | ||
| 300 | _b1 ფ. პორტ. | ||
| 653 | _aპოემები. | ||
| 942 | _cBK | ||
| 999 |
_c41744 _d41744 |
||